000 00313 a2200145 4500
001 74975
020 _a
040 _cAnchieta - Colégio São Paulo
240 1 0 _aGrandes autores
_lpor
245 1 0 _aGrandes autores
300 _a800
362 0 _a0
650 4 _aBiografia, Genealogia, Insígnia
942 _cBK
999 _c74975
_d74975